<?xml version="1.0" encoding="UTF-8"?><?xml-stylesheet type="text/xsl" href="static/style.xsl"?><OAI-PMH xmlns="http://www.openarchives.org/OAI/2.0/" xmlns:xsi="http://www.w3.org/2001/XMLSchema-instance" xsi:schemaLocation="http://www.openarchives.org/OAI/2.0/ http://www.openarchives.org/OAI/2.0/OAI-PMH.xsd"><responseDate>2026-04-27T19:53:57Z</responseDate><request verb="GetRecord" identifier="oai:uvadoc.uva.es:10324/33431" metadataPrefix="marc">https://uvadoc.uva.es/oai/request</request><GetRecord><record><header><identifier>oai:uvadoc.uva.es:10324/33431</identifier><datestamp>2025-03-26T19:10:17Z</datestamp><setSpec>com_10324_1186</setSpec><setSpec>com_10324_931</setSpec><setSpec>com_10324_894</setSpec><setSpec>com_10324_28542</setSpec><setSpec>com_10324_952</setSpec><setSpec>col_10324_1404</setSpec><setSpec>col_10324_28543</setSpec></header><metadata><record xmlns="http://www.loc.gov/MARC21/slim" xmlns:doc="http://www.lyncode.com/xoai" xmlns:xsi="http://www.w3.org/2001/XMLSchema-instance" xmlns:dcterms="http://purl.org/dc/terms/" xsi:schemaLocation="http://www.loc.gov/MARC21/slim http://www.loc.gov/standards/marcxml/schema/MARC21slim.xsd">
<leader>00925njm 22002777a 4500</leader>
<datafield tag="042" ind1=" " ind2=" ">
<subfield code="a">dc</subfield>
</datafield>
<datafield tag="720" ind1=" " ind2=" ">
<subfield code="a">Bayón, Rocío</subfield>
<subfield code="e">author</subfield>
</datafield>
<datafield tag="720" ind1=" " ind2=" ">
<subfield code="a">Coco Cea, Silverio</subfield>
<subfield code="e">author</subfield>
</datafield>
<datafield tag="720" ind1=" " ind2=" ">
<subfield code="a">Barcenilla Castellano, María</subfield>
<subfield code="e">author</subfield>
</datafield>
<datafield tag="720" ind1=" " ind2=" ">
<subfield code="a">Espinet Rubio, Pablo</subfield>
<subfield code="e">author</subfield>
</datafield>
<datafield tag="720" ind1=" " ind2=" ">
<subfield code="a">Imbuluzqueta, Gorka</subfield>
<subfield code="e">author</subfield>
</datafield>
<datafield tag="720" ind1=" " ind2=" ">
<subfield code="a">Hidalgo, Jokin</subfield>
<subfield code="e">author</subfield>
</datafield>
<datafield tag="720" ind1=" " ind2=" ">
<subfield code="a">Rojas, Esther</subfield>
<subfield code="e">author</subfield>
</datafield>
<datafield tag="260" ind1=" " ind2=" ">
<subfield code="c">2016</subfield>
</datafield>
<datafield tag="520" ind1=" " ind2=" ">
<subfield code="a">In this work, the first experimental results of thermotropic liquid crystals used as phase change materials for thermal storage are presented. For that purpose, the n = 10 derivative from the family of 4′-n-alkoxybiphenyl-4-carboxylic acids has been prepared. Different techniques like polarized-light microscopy, differential scanning calorimetry, thermogravimetric analysis and rheological measurements have been applied for its characterization. Having a mesophase/isotropic transition temperature around 251 °C, a clearing enthalpy of 55 kJ/kg, a thermal heat capacity of around 2.4 kJ/kg and a dynamic viscosity lower than 0.6 Pas, this compound fulfills the main requirements for being considered as latent heat storage material. Although further studies on thermal stability are necessary, the results already obtained are both promising and encouraging since they demonstrate de viability of this new application of liquid crystals as thermal storage media.</subfield>
</datafield>
<datafield tag="024" ind2=" " ind1="8">
<subfield code="a">Applied Sciences, 2016, 6(5), 121</subfield>
</datafield>
<datafield tag="024" ind2=" " ind1="8">
<subfield code="a">2076-3417</subfield>
</datafield>
<datafield tag="024" ind2=" " ind1="8">
<subfield code="a">http://uvadoc.uva.es/handle/10324/33431</subfield>
</datafield>
<datafield tag="024" ind2=" " ind1="8">
<subfield code="a">10.3390/app6050121</subfield>
</datafield>
<datafield tag="245" ind1="0" ind2="0">
<subfield code="a">Feasibility of Storing Latent Heat with Liquid Crystals. Proof of Concept at Lab Scale</subfield>
</datafield>
</record></metadata></record></GetRecord></OAI-PMH>